000 00353nam a2200157Ia 4500
008 191201s2010 xx 000 0 und d
020 _a9789355326461
082 _a629.892 SAR
100 _aSAHA,S.K
245 0 _aIntroduction to Robotics
250 _aRep
260 _aN. Delhi
_bTMH
_c2010
300 _a576
650 _a(ME)
942 _2ddc
_cBK
999 _c13211
_d13211